000 00303nam a2200109Ia 4500
008 220204s9999 xx 000 0 und d
082 _a820 AESC
_bAES
100 _aAeschylus
245 0 _aPlays of Aeschylus, Sophocles, Euripides and Aristophanes
260 _aChicago
_bWilliam Benton
_c1952
942 _cBK
999 _c36132
_d36132